Flying Machines. (Record no. 105721)
[ view plain ]
| 000 -LEADER | |
|---|---|
| fixed length control field | 00391nam a2200145 a 4500 |
| 005 - DATE AND TIME OF LATEST TRANSACTION | |
| control field | 20140412111412.0 |
| 008 - FIXED-LENGTH DATA ELEMENTS--GENERAL INFORMATION | |
| fixed length control field | 070215s19uu xx 00 eng d |
| 020 ## - INTERNATIONAL STANDARD BOOK NUMBER | |
| International Standard Book Number | 0-86163-967-7 |
| 050 ## - LIBRARY OF CONGRESS CALL NUMBER | |
| Classification number | M 629.133 |
| Item number | Fl59 1999 |
| 245 ## - TITLE STATEMENT | |
| Title | Flying Machines. |
| 260 ## - PUBLICATION, DISTRIBUTION, ETC. (IMPRINT) | |
| Place of publication, distribution, etc | London : |
| Name of publisher, distributor, etc | Awards Publications limited, |
| Date of publication, distribution, etc | 1999. |
| 440 ## - SERIES STATEMENT/ADDED ENTRY--TITLE | |
| Title | Picture the world of... |
| 650 ## - SUBJECT ADDED ENTRY--TOPICAL TERM | |
| Topical term or geographic name as entry element | Airplaines |
| Withdrawn status | Lost status | Damaged status | Use restrictions | Home library | Current library | Shelving location | Date acquired | Source of acquisition | Total Checkouts | Full call number | Barcode | Date last seen | Price effective from | Koha item type |
|---|---|---|---|---|---|---|---|---|---|---|---|---|---|---|
| Elizalde Library | Elizalde Library | Main Section | 02/15/2007 | M 629.133 Fl59 1999 | E10564 | 04/12/2014 | 04/12/2014 | Books |